000 00817nam a2200289Ia 4500
001 Para_7527
003 CHAP
008 220125s1976 xx 000 0 und d
010 _a206415
040 _cCHAP
082 _aPA 632.58 S9
111 _aSymposium on Aquatic Herbicides (1976: Oxford, England)
_9172720
245 _aAquatic Herbicides /
_c by British crop Protection Council
260 _aOxford :
_b BCPC
300 _a115 p.
440 _aMonograph; 16
_9172721
650 _aHerbicidas
_953691
650 _aMalas hierbas
_x acuáticas
_9172722
710 _aBritsh Crop protection Council
_9172723
901 _aPA 632.58 S9
902 _aA
905 _a0000001976 0000000000 00
910 _a1976
942 _cPARA
942 _cPARA
_d1
999 _c206415
_d206415